College Quizbowl Stats
College Quizbowl Stats
Circuits
Seasons
Sets
Records
Detailed Stats
About
Loading...
2024 Penn Bowl Mainsite
Tossups
Bonuses
Players
Teams
Categories (Tossup)
Categories (Bonus)
Kevin Liu
Maryland A
Categories
Category
Powers
Gets
Negs
BBs
Points
Earliest Buzz
Avg. Buzz
First Buzzes
Top 3 Buzzes
BPA
PVF
Philosophy
0
2
0
0
20
127
133.50
1
2
0.00
0.00
Social Science
0
1
0
0
10
127
127.00
0
1
0.00
0.00
Science - Other
0
0
2
0
-10
0.00
0
0
0.00
0.00
Buzzes
Category
Answer
Value
Buzz Position
Science - Other
keys
-5
112
Science - Other
minimum spanning trees
-5
117
Philosophy
sublime
10
127
Social Science
gender
10
127
Philosophy
Chinese room argument
0
138
Philosophy
education
10
140
Previous
1
Next